000 00615nam a2200217Ia 4500
003 0100
008 130303s9999 xx 000 0 und d
020 _a1880810069
040 _cARRUPELIB
050 _aBX3701.C1P23
100 _aPadberg, John W
245 4 _aThe First Thirty Jesuit General Congregations, For Matters of Greater Moment
245 _bA Brief history and a translation of the decrees
260 _aST. Louis, Missouri
260 _bInstitute of Jesuit Sources
260 _C1994
300 _a788p.
300 _b 23 cm
650 _bJesuits--Constitutions--Commentaries
942 0 0 _02
999 _c7672
_d7672